Anılar sorunlar sorumlular/ (Record no. 13706)

MARC details
000 -BAŞLIK
Sabit Uzunlukta Kontrol Alanı 00645nam a2200205 4500
999 ## - SİSTEM KONTROL NUMARALARI (KOHA)
Koha Biblionumber 13706
Koha Biblioitemnumber 13706
003 - KONTROL NUMARASI IDENTIFIER
Denetim Alanı MIRAKIL
005 - SON İŞLEM TARİHİ VE ZAMANI
Denetim Alanı 20211214000617.0
008 - SABİT-BOY VERİ ELEMANLARI - GENEL BİLGİLER
Sabit Uzunlukta Kontrol Alanı 200115b tu ||||| |||| 00| 0 tur d
040 ## - KATALOGLAMA KAYNAK
Orijinal Kataloglama Ajansı TR-AnCHP
Metne Dönüştürmek Ajansı TR-AnCHP
041 ## - DİL KODU
Metin / Ses Parça Veya Ayrı Başlığın Dil Kodu tur
082 ## - DEWEY ONLU SINIFLANDIRMA NUMARASI
Sınıflandırma Numarası 923.2
Ürün Numarası E64a 1972
100 ## - ANA GİRİŞ - KİŞİSEL İSİM
Kişisel Ad Erkanlı, Orhan
245 10 - BAŞLIK TABLOSU
Başlık Anılar sorunlar sorumlular/
Sorumluluk Tablosu, Vb Orhan Erkanlı.
260 ## - YAYIN, DAĞITIM, VB
Yayın, Dağıtım, Vb Yeri İstanbul:
Yayıncı, Dağıtıcı, Vs Adı [yay.y],
Yayın, Dağıtım, Vb Tarihi 1972.
Üretici Firma Baha Matbaası.
300 ## - FİZİKSEL TANIM
Kapsam 406 s.:
Boyutlar 20 sm.
600 #0 - KONU KATMA GİRİŞ - KURUMSAL ADI
9 (RLIN) 6202
Kişisel Ad Erkanlı, Orhan
Başlıklar Ve Bir Adla İlişkili Diğer Kelimeler Siyasetçi
Bir Adıyla İlişkilendirilen Tarihler 1924-1995
Genel Alt Bölümü Anılar
650 #0 - KONU KATMA GİRİŞ - TOPİKAL DÖNEM
Topikal Süreli Veya Coğrafi Ad Giriş Elemanı Siyaset ve yönetim
Genel Alt Bölümü Türkiye
Kronolojik Alt Bölümü 1960-1972
9 (RLIN) 9
650 #0 - KONU KATMA GİRİŞ - TOPİKAL DÖNEM
9 (RLIN) 333
Topikal Süreli Veya Coğrafi Ad Giriş Elemanı Darbeler
Genel Alt Bölümü Türkiye
Kronolojik Alt Bölümü 27 Mayıs 19960
942 ## - EKLENDİ GİRİŞ ELEMANLARI (KOHA)
Sınıflandırma Veya Raf Düzeni Kaynak Dewey Decimal Classification
Koha Öğesi Türü Books
Holdings
Kalıcı Konum Mevcut Konum Edinme Tarihi Toplam Check-Out'Lar Tam Çağrı Numarası Barkod Tarih Son Görülme İtibaren Geçerli Fiyatlar Sigara Kamu Notu Koha Öğesi Türü
CHP Kütüphanesi CHP Kütüphanesi 01/15/2020   923.2 E64a 1972 013486 01/15/2020 01/15/2020 Ertuğrul Çepni bağışıdır. Books